100 Biggest Cities of Tunisia on a Map - Statistics

General Stats
  • This quiz has been taken 264 times
  • The average score is 19 of 100
Answers on the Map
Answers color-coded by a green-red scale on the quiz's map according to % correct below.
 
Answer Stats
Population City % Correct
599,368 Tunis
98%
286,636 Sfax
81%
250,540 Sousse
79%
154,300 Bizerte
61%
107,634 Gabès
59%
153,900 Kairouan
58%
107,127 Monastir
56%
79,600 Hammamet
50%
70,200 Tataouine
49%
81,200 Nabeul
46%
57,200 Mahdia
45%
41,300 Tozeur
45%
103,400 Gafsa
44%
123,079 Ariana
40%
64,900 Béja
39%
52,300 Sidi Bouzid
39%
22,100 Tabarka
39%
75,900 Zarzis
38%
47,500 Jendouba
36%
90,500 Kasserine
34%
50,500 Kélibia
33%
79,000 Médenine
33%
96,605 Ben Arous
31%
101,601 La Marsa
30%
25,000 El Jem
28%
60,000 Le Kef
26%
35,900 Siliana
26%
27,800 Kébili
24%
60,916 La Goulette
24%
58,800 Menzel Bourguiba
24%
22,600 Zaghouan
24%
33,100 Douz
23%
64,000 M'saken
23%
47,520 Hammam Sousse
16%
42,800 Korba
16%
72,209 Radès
15%
23,700 Chebba
14%
120,732 El Mourouj
14%
55,415 Ksar Hellal
14%
38,600 Métlaoui
14%
22,700 Nefta
14%
72,800 Ben Gardane
13%
27,200 Grombalia
13%
44,207 Hammam Lif
13%
55,285 Jemmal
13%
57,000 Kalâa Kebira
13%
36,194 La Manouba
13%
62,802 Moknine
13%
124,000 Raoued
13%
60,200 Sakiet Ezzit
13%
41,731 Téboulba
13%
47,000 El Hamma
11%
31,700 Mateur
11%
25,400 Sbeïtla
11%
31,938 Akouda
10%
25,193 Djerba Ajim
10%
45,141 Gremda
10%
40,400 Kalâa Seghira
10%
153,307 La Soukra
10%
88,151 Le Kram
10%
31,700 Mornag
10%
31,000 Ras Jebel
10%
36,298 Ezzahra
9%
27,960 Mégrine
9%
42,200 Menzel Temime
9%
24,900 Redeyef
9%
45,053 Soliman
9%
29,900 Tebourba
9%
24,500 Béni Khiar
8%
84,494 Djerba Houmt Souk
8%
73,224 Djerba Midoun
8%
32,200 Fériana
8%
32,000 Ksour Essef
8%
71,416 Le Bardo
8%
30,293 Den Den
6%
85,142 Ettadhamen
6%
53,300 Fouchana
6%
76,000 Mohamedia
6%
41,800 Sakiet Eddaïer
6%
29,700 Chihia
5%
25,100 El Fahs
5%
24,100 Medjez El Bab
5%
24,500 Menzel Jemil
5%
23,100 Mornaguia
5%
66,100 Oued Ellil
5%
130,255 Sidi Hassine
5%
41,200 Thyna
5%
47,871 El Aïn
4%
32,581 Ghannouch
4%
77,100 Mnihla
4%
23,706 Ouerdanine
4%
28,100 Zaouiet Sousse
4%
50,604 Bou Mhel El Bassatine
3%
47,200 Dar Châabane
3%
91,500 Douar Hicher
3%
24,109 Takelsa
3%
23,600 Tinja
3%
37,236 Hammam Chott
1%
32,300 Djedeida
0%
36,700 El Ksar
0%
No matching quizzes found
Score Distribution
Percent of People with Each Score
Percentile by Number Answered
Your Score History
You have not taken this quiz